[Event "AGAG II"]
[Site "SchemingMind.com"]
[Date "2019.12.31"]
[Round "-"]
[White "Greg Magne"]
[Black "Kenny Elliott"]
[Result "1-0"]
[WhiteCountry "CAN"]
[BlackCountry "USA"]
[WhiteElo "1784"]
[WhiteRD "84"]
[BlackElo "1629"]
[BlackRD "68"]
[GameID "449677"]

1. b3 e5 2. Bb2 Nc6 3. Nc3 Nf6 4. e3 Bc5 5. Bb5 Ne7 6. Nf3 c6 7. Be2 d6 8. d4 exd4 9. exd4 Bb4 10. O-O Bxc3
11. Bxc3 Ne4 12. Bb2 d5 13. Re1 O-O 14. c4 Ng6 15. Bf1 Bg4 16. h3 Bxf3 17. Qxf3 Qg5 18. Bd3 Nh4 19. Qg4 Qxg4 20. hxg4 Rae8
21. Re2 f5 22. Rae1 g6 23. gxf5 gxf5 24. f3 Rf7 25. cxd5 cxd5 26. fxe4 fxe4 27. Bb5 Ref8 28. b4 Rg7 29. Ba4 Nf3+ 30. Kf2 Nxe1+
31. Kxe1 Rf5 32. Bb3 Rg3 33. Rxe4 Rxg2 34. Re2 Rg1+ 35. Kd2 h5 36. Re5 Rgg5 37. Bxd5+ Kg7 38. Rxf5 Rxf5 39. Be4
1-0

[Event "AGAG II"]
[Site "SchemingMind.com"]
[Date "2020.01.01"]
[Round "-"]
[White "Kenny Elliott"]
[Black "Greg Magne"]
[Result "0-1"]
[WhiteCountry "USA"]
[BlackCountry "CAN"]
[WhiteElo "1629"]
[WhiteRD "68"]
[BlackElo "1784"]
[BlackRD "84"]
[GameID "449678"]

1. b3 Nf6 2. Bb2 d5 3. Bxf6 exf6 4. d4 Nc6 5. Nf3 Bg4 6. Nfd2 Nxd4 7. f3 Bh5 8. e3 Ne6 9. Bd3 Bd6 10. g4 Bg6
11. Bxg6 hxg6 12. f4 f5 13. gxf5 Qh4+ 14. Kf1 gxf5 15. Nf3 Qh3+ 16. Ke2 O-O-O 17. Qg1 Bxf4 18. exf4 Nxf4+ 19. Kf2 Rde8 20. Nc3 d4
21. Nxd4 Qxc3 22. Re1 Nh3+
0-1

[Event "AGAG II"]
[Site "SchemingMind.com"]
[Date "2019.12.31"]
[Round "-"]
[White "Greg Magne"]
[Black "Derek Price"]
[Result "0-1"]
[WhiteCountry "CAN"]
[BlackCountry "ENG"]
[WhiteElo "1784"]
[WhiteRD "84"]
[BlackElo "2315"]
[BlackRD "76"]
[GameID "449679"]

1. b3 e5 2. Bb2 Nc6 3. c4 Nf6 4. Nc3 g6 5. e3 Bg7 6. d4 exd4 7. exd4 O-O 8. Be2 Re8 9. Nf3 d5 10. O-O Bg4
11. Nxd5 Nxd5 12. cxd5 Qxd5 13. Rc1 Rad8 14. Bc4 Qh5 15. Rc3 Nxd4 16. Rd3 Nxf3+ 17. gxf3 Rxd3
0-1

[Event "AGAG II"]
[Site "SchemingMind.com"]
[Date "2020.01.01"]
[Round "-"]
[White "Derek Price"]
[Black "Greg Magne"]
[Result "1-0"]
[WhiteCountry "ENG"]
[BlackCountry "CAN"]
[WhiteElo "2315"]
[WhiteRD "76"]
[BlackElo "1784"]
[BlackRD "84"]
[GameID "449680"]

1. b3 e5 2. Bb2 Nc6 3. c4 f5 4. g3 Nf6 5. Bg2 Bc5 6. e3 d6 7. Ne2 O-O 8. O-O Kh8 9. Nbc3 a6 10. Nd5 Nxd5
11. cxd5 Ne7 12. d4 exd4 13. Nxd4 Ng6 14. Qd2 Ne5 15. Ne6 Bxe6 16. dxe6 c6 17. Rac1 Qe7 18. Rxc5 dxc5 19. Bxe5 Qxe6 20. Qc3 Rf7
21. Qxc5 Rd8 22. Rc1 Rfd7 23. Bd4 Kg8 24. Qc4 Qxc4 25. Rxc4 Kf8 26. Bf1 g5 27. Rc5 Rd5 28. Rxd5 Rxd5 29. Bc4 Ra5 30. b4 Ra4
31. Bb3
1-0

[Event "AGAG II"]
[Site "SchemingMind.com"]
[Date "2019.12.31"]
[Round "-"]
[White "Greg Magne"]
[Black "Geoffrey Rosser"]
[Result "1-0"]
[WhiteCountry "CAN"]
[BlackCountry "ENG"]
[WhiteElo "1784"]
[WhiteRD "84"]
[BlackElo "1964"]
[BlackRD "58"]
[GameID "449681"]

1. b3 e5 2. Bb2 d6 3. e4 Nf6 4. Nc3 Nc6 5. Nf3 Bd7 6. d4 exd4 7. Nxd4 Ne5 8. Be2 Be7 9. O-O g6 10. f4 Neg4
11. Qd2 a6 12. f5 Bf8 13. Rae1 Bh6 14. Qd3 Be3+ 15. Kh1 Nf2+ 16. Rxf2 Bxf2 17. Rf1 Bxd4 18. Qxd4 c5 19. Qxd6 Qe7 20. Qd3 O-O-O
21. Nd5 Nxd5 22. Bxh8 Rxh8 23. exd5 Bxf5 24. Qc3 Re8 25. Bf3 Qe3 26. Qf6 Bxc2 27. Qxf7 Bd3 28. d6
1-0

[Event "AGAG II"]
[Site "SchemingMind.com"]
[Date "2019.12.31"]
[Round "-"]
[White "Geoffrey Rosser"]
[Black "Greg Magne"]
[Result "0-1"]
[WhiteCountry "ENG"]
[BlackCountry "CAN"]
[WhiteElo "1964"]
[WhiteRD "58"]
[BlackElo "1784"]
[BlackRD "84"]
[GameID "449682"]

1. b3 e5 2. Bb2 Nc6 3. Nf3 d6 4. e3 f5 5. d4 e4 6. d5 Nce7 7. Nd4 Nf6 8. c4 c6 9. Be2 cxd5 10. cxd5 Nexd5
11. O-O Be7 12. Bb5+ Bd7 13. Ne6 Bxb5 14. Nxd8 Bxf1 15. Ne6 Ba6 16. Nxg7+ Kf7 17. Nxf5 Rhd8 18. Nxe7 Kxe7 19. Bxf6+ Nxf6 20. Nc3 d5
21. Ne2 Rac8 22. Nd4 Bd3 23. Rc1 h5 24. Nc2 a5 25. f3 Rc7 26. Ne1 Rxc1 27. Qxc1 Ba6 28. Qc5+ Kf7 29. fxe4 dxe4 30. Nc2 Rd1+
31. Kf2 h4 32. g3 Ng4+ 33. Kg2 Bf1+ 34. Kg1 Bh3+
0-1

[Event "AGAG II"]
[Site "SchemingMind.com"]
[Date "2019.12.31"]
[Round "-"]
[White "Greg Magne"]
[Black "Teagy"]
[Result "1-0"]
[WhiteCountry "CAN"]
[BlackCountry "ENG"]
[WhiteElo "1839"]
[WhiteRD "79"]
[BlackElo "1844"]
[BlackRD "85"]
[GameID "449683"]

1. b3 f5 2. Bb2 Nf6 3. Nf3 e6 4. d3 d6 5. Nbd2 Be7 6. e4 O-O 7. g3 e5 8. Bg2 Qe8 9. Qe2 a5 10. O-O f4
11. d4 exd4 12. Nxd4 Kh8 13. gxf4 c5 14. Nb5 Qg6 15. f3 Nc6 16. Nc4 Ne8 17. Rad1 Rxf4 18. Rd2 Bf6 19. Nbxd6 Nxd6 20. Rxd6 Bh3
21. e5 Qxg2+ 22. Qxg2 Bxg2 23. Kxg2 Be7 24. Rd7 b5 25. Nb6 Re8 26. Nd5 Rf5 27. f4 Bf8 28. Rf3 Ne7 29. Ne3 Rh5 30. f5 Rg5+
31. Rg3 Rxg3+ 32. hxg3 Kg8 33. g4
1-0

[Event "AGAG II"]
[Site "SchemingMind.com"]
[Date "2020.01.01"]
[Round "-"]
[White "Teagy"]
[Black "Greg Magne"]
[Result "1/2-1/2"]
[WhiteCountry "ENG"]
[BlackCountry "CAN"]
[WhiteElo "1844"]
[WhiteRD "85"]
[BlackElo "1839"]
[BlackRD "79"]
[GameID "449684"]

1. b3 e5 2. Bb2 Nc6 3. e3 f5 4. g3 Nf6 5. Bg2 d5 6. Ne2 Be6 7. f4 e4 8. Na3 a6 9. O-O Bc5 10. Nd4 Nxd4
11. exd4 Bb6 12. Kh1 O-O 13. c4 c5 14. dxc5 Bxc5 15. Qe2 d4 16. d3 e3 17. Nc2 Rb8 18. b4 Ba7 19. Ne1 Qd7 20. h3 Qf7
21. a4 Rbc8 22. Rc1 b5 23. axb5 axb5 24. c5 Rfd8 25. Nf3 Nd5 26. Ng5=
1/2-1/2

[Event "AGAG II"]
[Site "SchemingMind.com"]
[Date "2019.12.31"]
[Round "-"]
[White "Greg Magne"]
[Black "emakis"]
[Result "0-1"]
[WhiteCountry "CAN"]
[BlackCountry "GRE"]
[WhiteElo "1784"]
[WhiteRD "84"]
[BlackElo "2024"]
[BlackRD "142"]
[GameID "449685"]

1. b3 e5 2. Bb2 Nc6 3. Nf3 e4 4. Nd4 Nxd4 5. Bxd4 d5 6. e3 Nf6 7. Be2 Bd6 8. Bb2 Qe7 9. d3 O-O 10. Nd2 Re8
11. c4 c6 12. d4 a5 13. c5 Bb8 14. Qc2 Bg4 15. h3 Bxe2 16. Kxe2 Nd7 17. g4 Rf8 18. Raf1 f5 19. f4 exf3+ 20. Rxf3 f4
21. e4 b6 22. cxb6 dxe4 23. Qxe4 Qxe4+ 24. Nxe4 Nxb6 25. Nc5 Re8+ 26. Kd2 Nd5 27. Rhf1 Bd6 28. a3 Ra7 29. Bc1 Rae7 30. Kc2 g5
31. Nd3 Re2+ 32. Kb1 Nc3+ 33. Ka1 Ra2#
0-1

[Event "AGAG II"]
[Site "SchemingMind.com"]
[Date "2020.01.01"]
[Round "-"]
[White "emakis"]
[Black "Greg Magne"]
[Result "1-0"]
[WhiteCountry "GRE"]
[BlackCountry "CAN"]
[WhiteElo "2024"]
[WhiteRD "142"]
[BlackElo "1784"]
[BlackRD "84"]
[GameID "449686"]

1. b3 e5 2. Bb2 Nc6 3. e3 f5 4. Nf3 d6 5. d4 e4 6. Ng1 Nf6 7. Nh3 Be6 8. Nf4 Bf7 9. d5 Ne5 10. h4 Qd7
11. Na3 c6 12. Nc4 Nxc4 13. bxc4 O-O-O 14. Qd2 Kb8 15. Be2 h6 16. h5 Rg8 17. Rb1 Ka8 18. g3 Qe7 19. dxc6 bxc6 20. Qb4 Qc7
21. Qa4 Rb8 22. O-O Be7 23. Bc3 g5 24. hxg6 Bxg6 25. Ne6 Qd7 26. Bd4 Rxb1 27. Rxb1 Rb8 28. Bb6 Ne8 29. c5 Bf7 30. cxd6 Bxd6
31. Nd8 Qxd8 32. Qxa7#
1-0

[Event "AGAG II"]
[Site "SchemingMind.com"]
[Date "2019.12.31"]
[Round "-"]
[White "Greg Magne"]
[Black "flyinduck"]
[Result "0-1"]
[WhiteCountry "CAN"]
[BlackCountry "CAN"]
[WhiteElo "1760"]
[WhiteRD "78"]
[BlackElo "2017"]
[BlackRD "64"]
[GameID "449687"]

1. b3 e5 2. Bb2 d6 3. d4 exd4 4. Bxd4 Nc6 5. Bb2 Nf6 6. Nf3 Be7 7. Nbd2 O-O 8. e3 d5 9. Be2 a5 10. O-O a4
11. a3 axb3 12. cxb3 h6 13. Qc2 Be6 14. Rfd1 Qc8 15. Rac1 Bxa3 16. Nf1 Bxb2 17. Qxb2 Bg4 18. h3 Be6 19. b4 Qb8 20. b5 Ne7
21. Ng3 Nf5 22. Nxf5 Bxf5 23. g4 Be4 24. g5 hxg5 25. Nxg5 Re8 26. Nxe4 dxe4 27. Rc5 Qc8 28. Rg5 Qe6 29. Kg2 g6 30. Bg4 Qe7
31. h4 Nxg4 32. Rxg4 Qe5 33. Qb3 Rad8 34. Rxd8 Rxd8 35. Rxg6+ Kf8 36. Rg4 Rd6 37. Qb4 f5 38. Rg5 Kf7 39. Qc4+ Rd5 40. h5 Kf8
41. b6 c6 42. Qa4 Qe7 43. Qa8+ Rd8 44. Rxf5+ Kg7 45. Qa5 Rd6 46. Rf4 Rd5 47. Qa1+ Kg8 48. Qa8+ Kh7 49. Qb8 Qg7+ 50. Kf1 Qa1+
51. Kg2 Rg5+ 52. Kh3 Qh1#
0-1

[Event "AGAG II"]
[Site "SchemingMind.com"]
[Date "2019.12.31"]
[Round "-"]
[White "flyinduck"]
[Black "Greg Magne"]
[Result "1-0"]
[WhiteCountry "CAN"]
[BlackCountry "CAN"]
[WhiteElo "1991"]
[WhiteRD "66"]
[BlackElo "1784"]
[BlackRD "84"]
[GameID "449688"]

1. b3 e5 2. Bb2 Nc6 3. e3 f5 4. Bb5 d6 5. Bxc6+ bxc6 6. d4 e4 7. Nd2 Nf6 8. c4 Be7 9. Nh3 d5 10. Qc2 O-O
11. Nf4 g5 12. Ne2 Be6 13. O-O-O a5 14. a3 Rf7 15. Kb1 Qf8 16. Ka2 a4 17. b4 dxc4 18. Nxc4 Nd5 19. Ka1 Bxb4 20. axb4 Nxb4
21. Qc3 a3 22. Nxa3 Nd3 23. Rxd3 exd3 24. d5 dxe2 25. Qh8#
1-0

[Event "AGAG II"]
[Site "SchemingMind.com"]
[Date "2019.12.31"]
[Round "-"]
[White "Greg Magne"]
[Black "JAHI"]
[Result "0-1"]
[WhiteCountry "CAN"]
[BlackCountry "INT"]
[WhiteElo "1760"]
[WhiteRD "78"]
[BlackElo "1932"]
[BlackRD "67"]
[GameID "449689"]

1. b3 e6 2. Bb2 d6 3. f4 d5 4. Nf3 a6 5. d3 a5 6. Nbd2 Na6 7. e4 h6 8. Be2 h5 9. O-O h4 10. Qe1 h3
11. g3 c6 12. c4 Bc5+ 13. Kh1 Kf8 14. d4 Bb4 15. e5 Ne7 16. a3 Bxd2 17. Qxd2 Bd7 18. Rf2 Qc7 19. g4 g6 20. Raf1 Kg7
21. Qd3 c5 22. Ng5 dxc4 23. bxc4 cxd4 24. Bxd4 Bc6+ 25. Bf3 Rac8 26. Bxc6 Qxc6+ 27. Kg1 Qxc4 28. Rf3 Qxd3 29. Rxd3 Rcd8 30. Rfd1 Rh4
31. Rg3 Nc5 32. Kf2 Nc6 33. Ke3 Nb3 34. Nf3 Rh7 35. f5 gxf5 36. gxf5+ Kh8 37. f6 Nbxd4 38. Nxd4 Nxe5 39. Rf1 Nc4+ 40. Kd3 Nxa3
41. Ke3 Nc4+ 42. Kd3 Nd6
0-1

[Event "AGAG II"]
[Site "SchemingMind.com"]
[Date "2020.01.01"]
[Round "-"]
[White "JAHI"]
[Black "Greg Magne"]
[Result "1-0"]
[WhiteCountry "INT"]
[BlackCountry "CAN"]
[WhiteElo "1932"]
[WhiteRD "67"]
[BlackElo "1760"]
[BlackRD "78"]
[GameID "449690"]

1. b3 e5 2. e3 d5 3. Bb2 Bd6 4. a3 c5 5. a4 Nc6 6. Bb5 Qe7 7. Na3 Bd7 8. Bxc6 bxc6 9. Ne2 f5 10. d3 Rb8
11. Kd2 Nf6 12. Kc1 O-O 13. h3 Rb7 14. h4 Rfb8 15. h5 c4 16. dxc4 dxc4 17. Nxc4 Bc7 18. h6 g6 19. f3 Be8 20. a5 Bf7
21. a6 Rb5 22. Nd2 c5 23. e4 c4 24. Ba3 cxb3 25. Nxb3 Qe6 26. Nc3 fxe4 27. Nxb5 Rxb5 28. fxe4 Nxe4 29. Qf3 Qf5 30. Re1 Qxf3
31. gxf3 Nd6 32. Bxd6 Bxd6 33. Nd2 Be7 34. Rg1 Bd5 35. Rg2 Bb4 36. Ne4 Rb6 37. Rh2 Bc4 38. Ra4 Bxa6 39. Ra1 Bb7 40. Rxa7 Be7
41. c3 Kf7 42. Re2 g5 43. Rb2 Rxb2 44. Kxb2 Bd5 45. Nxg5+
1-0

[Event "AGAG II"]
[Site "SchemingMind.com"]
[Date "2019.12.31"]
[Round "-"]
[White "Greg Magne"]
[Black "Aleksandr Frenkel"]
[Result "0-1"]
[WhiteCountry "CAN"]
[BlackCountry "USA"]
[WhiteElo "1784"]
[WhiteRD "84"]
[BlackElo "2317"]
[BlackRD "76"]
[GameID "449691"]

1. b3 e5 2. Bb2 Nc6 3. e3 Nf6 4. Nf3 e4 5. Nd4 Nxd4 6. Bxd4 Be7 7. Be2 d5 8. O-O Bf5 9. d3 O-O 10. Bb2 c6
11. Nd2 Qc7 12. f3 exf3 13. Bxf3 Rfe8 14. Bxd5 Nxd5 15. Rxf5 Nxe3 16. Rxf7 Kxf7 17. Qf3+ Kg8 18. Qxe3 Bf6
0-1

[Event "AGAG II"]
[Site "SchemingMind.com"]
[Date "2019.12.31"]
[Round "-"]
[White "Aleksandr Frenkel"]
[Black "Greg Magne"]
[Result "1-0"]
[WhiteCountry "USA"]
[BlackCountry "CAN"]
[WhiteElo "2317"]
[WhiteRD "76"]
[BlackElo "1784"]
[BlackRD "84"]
[GameID "449692"]

1. b3 e5 2. Bb2 Nc6 3. e3 f5 4. d4 exd4 5. exd4 d6 6. Qh5+ g6 7. Qe2+ Nge7 8. d5 Ne5 9. f4 Nf7 10. Nf3 Rg8
11. h4 Bd7 12. Nc3 c6 13. O-O-O Qc7 14. dxc6 bxc6 15. Ng5 Nxg5 16. hxg5 Rg7 17. Na4 Rf7 18. Bf6 O-O-O 19. Qc4 Be8 20. Nc5 dxc5
21. Qa6+ Kb8 22. Be5
1-0

[Event "AGAG II"]
[Site "SchemingMind.com"]
[Date "2019.12.31"]
[Round "-"]
[White "Kenny Elliott"]
[Black "Derek Price"]
[Result "0-1"]
[WhiteCountry "USA"]
[BlackCountry "ENG"]
[WhiteElo "1629"]
[WhiteRD "68"]
[BlackElo "2315"]
[BlackRD "76"]
[GameID "449693"]

1. b3 e5 2. Bb2 Nc6 3. e4 Nf6 4. Nf3 d6 5. Bb5 Bd7 6. O-O a6 7. Bxc6 Bxc6 8. d3 Be7 9. Nbd2 O-O 10. d4 Nxe4
11. dxe5 Nxd2 12. Nxd2 dxe5 13. Bxe5 Bd6 14. Nf3 Bxf3 15. Qxf3 Bxe5 16. Rad1 Qc8 17. Rfe1 Bf6 18. c4 c6 19. Qg3 Re8 20. Rxe8+ Qxe8
21. Rf1 Rd8 22. Qc7 Rd7 23. Qa5 Qe2 24. Qe1 Qxe1 25. Rxe1 g6 26. g3 Rd2 27. Re8+ Kg7 28. Rb8 Rxa2 29. Rxb7 Bd4
0-1

[Event "AGAG II"]
[Site "SchemingMind.com"]
[Date "2019.12.31"]
[Round "-"]
[White "Derek Price"]
[Black "Kenny Elliott"]
[Result "1-0"]
[WhiteCountry "ENG"]
[BlackCountry "USA"]
[WhiteElo "2315"]
[WhiteRD "76"]
[BlackElo "1629"]
[BlackRD "68"]
[GameID "449694"]

1. b3 e6 2. Bb2 Nc6 3. Nf3 Nf6 4. e3 d5 5. c4 Be7 6. Be2 O-O 7. O-O dxc4 8. Bxc4 e5 9. Nxe5 Nxe5 10. Bxe5 Bf5
11. Nc3 c6 12. d4 Bb4 13. Ne2 Nd5 14. a3 Bd6 15. Bxd6 Qxd6 16. Ng3 Qg6 17. Nxf5 Qxf5 18. Rc1 Qf6 19. Bxd5 cxd5 20. Rc7 b5
21. Rc5 Qb6 22. Rxd5 Rfd8 23. Rxd8+ Rxd8 24. Qd3 a5 25. Rc1 Qd6 26. a4 bxa4 27. bxa4 Qa3 28. Qxa3
1-0

[Event "AGAG II"]
[Site "SchemingMind.com"]
[Date "2019.12.31"]
[Round "-"]
[White "Kenny Elliott"]
[Black "Geoffrey Rosser"]
[Result "0-1"]
[WhiteCountry "USA"]
[BlackCountry "ENG"]
[WhiteElo "1629"]
[WhiteRD "68"]
[BlackElo "1964"]
[BlackRD "58"]
[GameID "449695"]

1. b3 e5 2. Bb2 d6 3. e4 Nf6 4. Nc3 Nc6 5. Bb5 Bd7 6. Nf3 Be7 7. O-O O-O 8. Bxc6 Bxc6 9. d3 Qd7 10. Re1 Ne8
11. d4 f5 12. d5 Bb5 13. a4 Ba6 14. b4 b6 15. b5 Bb7 16. Qd3 fxe4 17. Nxe4 Nf6 18. Nxf6+ Bxf6 19. c4 e4 20. Rxe4 Bxb2
21. Rae1 Bf6 22. Nd4 Bxd4 23. Qxd4 Rae8 24. Rxe8 Rxe8 25. Ra1 Qe7 26. Kf1 Qe2+
0-1

[Event "AGAG II"]
[Site "SchemingMind.com"]
[Date "2019.12.31"]
[Round "-"]
[White "Geoffrey Rosser"]
[Black "Kenny Elliott"]
[Result "1-0"]
[WhiteCountry "ENG"]
[BlackCountry "USA"]
[WhiteElo "1964"]
[WhiteRD "58"]
[BlackElo "1629"]
[BlackRD "68"]
[GameID "449696"]

1. b3 e5 2. Bb2 Nc6 3. e4 d6 4. Nf3 Bg4 5. Be2 Nf6 6. d3 Bxf3 7. Bxf3 Be7 8. O-O O-O 9. Qd2 Nd7 10. Na3 Bg5
11. Qe1 Bf4 12. Nb5 a6 13. Nc3 Nd4 14. Bd1 Nf6 15. Ne2 Ne6 16. c3 Nc5 17. Nxf4 exf4 18. Qd2 Ne6 19. Bf3 c6 20. d4 d5
21. exd5 Nxd5 22. c4 Nb6 23. Rfe1 Qh4 24. Qb4 Qd8 25. Rad1 a5 26. Qc3 a4 27. d5 Nxd5 28. cxd5 cxd5 29. Rxe6 f6 30. Bxd5 Qxd5
31. Rxd5 Rac8 32. Rc5
1-0

[Event "AGAG II"]
[Site "SchemingMind.com"]
[Date "2019.12.31"]
[Round "-"]
[White "Kenny Elliott"]
[Black "Teagy"]
[Result "1-0"]
[WhiteCountry "USA"]
[BlackCountry "ENG"]
[WhiteElo "1635"]
[WhiteRD "63"]
[BlackElo "1844"]
[BlackRD "85"]
[GameID "449697"]

1. b3 e6 2. Bb2 f5 3. e3 Nf6 4. Nf3 Be7 5. d4 O-O 6. g3 d6 7. Bg2 Qe8 8. O-O Qh5 9. d5 e5 10. h4 f4
11. exf4 exf4 12. Re1 Bd8 13. Nc3 fxg3 14. fxg3 Bg4 15. Rf1 Nbd7 16. Qd4 Ne8 17. Ne4 Ndf6 18. Neg5 c6 19. dxc6 Bb6 20. cxb7 Bxd4+
21. Bxd4 Rb8 22. Nd2 d5 23. Bxa7 Rxb7 24. Bd4 Rd7 25. a4 h6 26. Nh3 Bxh3 27. Bxh3 Ng4 28. Rxf8+ Kxf8 29. a5 Rd8 30. a6 Ra8
31. Ra5 Nc7 32. a7
1-0

[Event "AGAG II"]
[Site "SchemingMind.com"]
[Date "2020.01.01"]
[Round "-"]
[White "Teagy"]
[Black "Kenny Elliott"]
[Result "1-0"]
[WhiteCountry "ENG"]
[BlackCountry "USA"]
[WhiteElo "1844"]
[WhiteRD "85"]
[BlackElo "1635"]
[BlackRD "63"]
[GameID "449698"]

1. b3 e5 2. Bb2 Nc6 3. e3 d5 4. Bb5 Bd7 5. Nf3 Bd6 6. Bxc6 Bxc6 7. Nxe5 Bxe5 8. Bxe5 f6 9. Bb2 Qd7 10. O-O O-O-O
11. a4 Ne7 12. d4 h5 13. Na3 a6 14. c4 dxc4 15. Nxc4 Bd5 16. Rc1 Bxc4 17. bxc4 Qf5 18. Qe2 g5 19. Ba3 Ng6 20. Rb1 Rhe8
21. Qb2 b6 22. c5 Re6 23. Rfc1 Kd7 24. cxb6 Rxb6 25. Rxc7+ Kxc7 26. Qxb6+ Kd7 27. Qa7+ Ke8 28. Qb6 Qd5 29. Qxf6 Qe4 30. Rb6 Nh4
31. Re6+
1-0

[Event "AGAG II"]
[Site "SchemingMind.com"]
[Date "2019.12.31"]
[Round "-"]
[White "Kenny Elliott"]
[Black "emakis"]
[Result "0-1"]
[WhiteCountry "USA"]
[BlackCountry "GRE"]
[WhiteElo "1629"]
[WhiteRD "68"]
[BlackElo "2024"]
[BlackRD "142"]
[GameID "449699"]

1. b3 e5 2. Bb2 Nc6 3. e4 Nf6 4. Nc3 Bb4 5. Nf3 O-O 6. Bb5 Nd4 7. Nxd4 exd4 8. Ne2 Nxe4 9. c3 dxc3 10. dxc3 Bc5
11. Nd4 d5 12. O-O c6 13. Nxc6 bxc6 14. Bxc6 Be6 15. Bxa8 Qxa8 16. Kh1 Nxf2+ 17. Rxf2 Bxf2 18. Qd2 Bc5 19. c4 Qd8 20. Qc3 d4
21. Qg3 Qb6 22. Bc1 Bc8 23. Bh6 Qxh6
0-1

[Event "AGAG II"]
[Site "SchemingMind.com"]
[Date "2019.12.31"]
[Round "-"]
[White "emakis"]
[Black "Kenny Elliott"]
[Result "1-0"]
[WhiteCountry "GRE"]
[BlackCountry "USA"]
[WhiteElo "2024"]
[WhiteRD "142"]
[BlackElo "1629"]
[BlackRD "68"]
[GameID "449700"]

1. b3 e5 2. Bb2 Nc6 3. e3 d5 4. Bb5 Bd7 5. Bxc6 Bxc6 6. Bxe5 Qg5 7. Bg3 Nf6 8. Nf3 Qg4 9. h3 Qd7 10. Ne5 Qe6
11. Nxc6 Qxc6 12. O-O Ne4 13. Be5 f6 14. Bb2 O-O-O 15. d3 Nc5 16. a4 Bd6 17. Nc3 Kb8 18. b4 d4 19. b5 Qe8 20. exd4 Nd7
21. Nd5 Qf7 22. c4 c6 23. bxc6 bxc6 24. Ne3 Bc7 25. Qf3 Rc8 26. Rab1 Bd8 27. Ba3+ Ka8 28. Nf5 Qe6 29. Rfe1 Qxe1+ 30. Rxe1 Ba5
31. Re7
1-0

[Event "AGAG II"]
[Site "SchemingMind.com"]
[Date "2019.12.31"]
[Round "-"]
[White "Kenny Elliott"]
[Black "flyinduck"]
[Result "0-1"]
[WhiteCountry "USA"]
[BlackCountry "CAN"]
[WhiteElo "1589"]
[WhiteRD "69"]
[BlackElo "2017"]
[BlackRD "64"]
[GameID "449701"]

1. b3 e5 2. Bb2 d6 3. e4 Nf6 4. Nc3 g6 5. Nf3 Bg7 6. h3 O-O 7. Bc4 c6 8. Bd3 Nbd7 9. O-O Nc5 10. Qe2 Ne6
11. a4 Nf4 12. Qe3 Re8 13. Ne2 N6h5 14. Nxf4 Nxf4 15. Bc4 Bh6 16. Qc3 Bxh3 17. d4 Bxg2 18. Rfd1 Bxf3 19. Qxf3 Qh4 20. Qg3 Qh5
21. dxe5 dxe5 22. f3 Rad8 23. Kf2 Bf8 24. Rh1 Bc5+ 25. Ke1 Qxh1+ 26. Bf1 Qg1 27. Qxg1 Bxg1 28. Bc4 h5 29. Kf1 Bc5 30. Bc1 Rd1#
0-1

[Event "AGAG II"]
[Site "SchemingMind.com"]
[Date "2019.12.31"]
[Round "-"]
[White "flyinduck"]
[Black "Kenny Elliott"]
[Result "1-0"]
[WhiteCountry "CAN"]
[BlackCountry "USA"]
[WhiteElo "2017"]
[WhiteRD "64"]
[BlackElo "1589"]
[BlackRD "69"]
[GameID "449702"]

1. b3 e5 2. Bb2 Nc6 3. e3 Nf6 4. Bb5 d6 5. c4 Ne4 6. d3 Nxf2 7. Kxf2 Qf6+ 8. Nf3 Bd7 9. Rf1 a6 10. Bxc6 Bxc6
11. Nd2 O-O-O 12. Kg1 Qh6 13. Qe2 g5 14. Ne4 Bxe4 15. dxe4 g4 16. Nd2 Qg5 17. Rf5 Qh4 18. Raf1 Bh6 19. b4 Rhg8 20. c5 Rg5
21. c6 Rh5 22. cxb7+ Kxb7 23. Rxh5 Qxh5 24. Nc4 Qg6 25. Na5+ Kc8 26. Qxa6+ Kd7 27. Qc6+ Kc8 28. Nc4 Bg5 29. Nb6+ Kb8 30. Qa8#
1-0

[Event "AGAG II"]
[Site "SchemingMind.com"]
[Date "2019.12.31"]
[Round "-"]
[White "Kenny Elliott"]
[Black "JAHI"]
[Result "0-1"]
[WhiteCountry "USA"]
[BlackCountry "INT"]
[WhiteElo "1589"]
[WhiteRD "69"]
[BlackElo "1932"]
[BlackRD "67"]
[GameID "449703"]

1. b3 e6 2. Bb2 d6 3. Nf3 d5 4. d4 a6 5. Nc3 Bb4 6. g3 a5 7. Bg2 Na6 8. O-O Bxc3 9. Bxc3 b6 10. Re1 h6
11. Ne5 h5 12. e4 Bb7 13. exd5 Bxd5 14. Bxd5 Qxd5 15. Qd2 Ne7 16. Nxf7 Kxf7 17. Re5 Qd8 18. Qf4+ Kg8 19. Qe4 Nd5 20. Bd2 Nf6
21. Qe3 Ng4 22. Qe4 Nxe5 23. Qxe5 Qd7 24. Re1 Re8 25. Bf4 h4 26. Re4 h3 27. Qg5 Nc5
0-1

[Event "AGAG II"]
[Site "SchemingMind.com"]
[Date "2019.12.31"]
[Round "-"]
[White "JAHI"]
[Black "Kenny Elliott"]
[Result "1-0"]
[WhiteCountry "INT"]
[BlackCountry "USA"]
[WhiteElo "1932"]
[WhiteRD "67"]
[BlackElo "1589"]
[BlackRD "69"]
[GameID "449704"]

1. b3 e5 2. e3 d5 3. Bb2 Bd6 4. a3 Nf6 5. a4 c5 6. Na3 O-O 7. h3 Nc6 8. h4 h5 9. Be2 d4 10. Bxh5 dxe3
11. fxe3 Nxh5 12. Qxh5 Qf6 13. Nf3 Bf5 14. Ke2 Bxc2 15. Nxc2 Ne7 16. Bxe5 Bxe5 17. Qxe5 Qxe5 18. Nxe5 Rfd8 19. h5 Rd5 20. Nf3 Re8
21. h6 Rd6 22. h7+ Kh8 23. Kf2 Ng6 24. Rh5 Nf8 25. Rah1 Rh6 26. Rxh6 gxh6 27. Rxh6 Nxh7 28. Ng5 Re5 29. Nxf7+
1-0

[Event "AGAG II"]
[Site "SchemingMind.com"]
[Date "2019.12.31"]
[Round "-"]
[White "Kenny Elliott"]
[Black "Aleksandr Frenkel"]
[Result "0-1"]
[WhiteCountry "USA"]
[BlackCountry "USA"]
[WhiteElo "1629"]
[WhiteRD "68"]
[BlackElo "2317"]
[BlackRD "76"]
[GameID "449705"]

1. b3 e5 2. Bb2 Nc6 3. e4 Nf6 4. Nc3 Bc5 5. Nf3 O-O 6. Bc4 d6 7. O-O a6 8. h3 b5 9. Bd5 Nxd5 10. Nxd5 f5
11. exf5 Bxf5 12. c4 Bd3 13. Re1 bxc4 14. bxc4 e4 15. Nh2 Rb8 16. Bxg7 Bxf2+ 17. Kh1 Kxg7 18. Qg4+ Kh8 19. Rec1 Nd4 20. Nf4 Qf6
21. Nd5 Qe5 22. Nxc7 Rg8 23. Qxg8+ Rxg8 24. Nxa6 Qg3 25. Rg1 Nf3 26. Nxf3 exf3
0-1

[Event "AGAG II"]
[Site "SchemingMind.com"]
[Date "2019.12.31"]
[Round "-"]
[White "Aleksandr Frenkel"]
[Black "Kenny Elliott"]
[Result "1-0"]
[WhiteCountry "USA"]
[BlackCountry "USA"]
[WhiteElo "2317"]
[WhiteRD "76"]
[BlackElo "1629"]
[BlackRD "68"]
[GameID "449706"]

1. b3 e5 2. Bb2 Nc6 3. e3 d5 4. Bb5 Bd7 5. Bxc6 Bxc6 6. Bxe5 Qg5 7. Nf3 Qxg2 8. Rg1 Qh3 9. Bxg7 Bxg7 10. Rxg7 d4
11. Rg3 Qe6 12. Nxd4 Qd5 13. Nc3 Qd7 14. Qh5 O-O-O 15. Qc5 Kb8 16. Nxc6+ bxc6 17. Ne4 f5 18. Qb4+ Ka8 19. Nc5 Qxd2+ 20. Qxd2 Rxd2
21. Kxd2
1-0

[Event "AGAG II"]
[Site "SchemingMind.com"]
[Date "2019.12.31"]
[Round "-"]
[White "Derek Price"]
[Black "Geoffrey Rosser"]
[Result "1-0"]
[WhiteCountry "ENG"]
[BlackCountry "ENG"]
[WhiteElo "2315"]
[WhiteRD "76"]
[BlackElo "1964"]
[BlackRD "58"]
[GameID "449707"]

1. b3 e5 2. Bb2 d6 3. g3 Nc6 4. Bg2 Nf6 5. c4 Be7 6. Nc3 O-O 7. Nf3 Bf5 8. O-O Rb8 9. Re1 h6 10. d3 e4
11. Nh4 Bh7 12. dxe4 Ng4 13. Nf5 Bf6 14. h3 Nge5 15. Ne3 Ne7 16. Qd2 N5c6 17. Rac1 Nd4 18. Ng4 Nec6 19. Nxf6+ Qxf6 20. Nb5
1-0

[Event "AGAG II"]
[Site "SchemingMind.com"]
[Date "2019.12.31"]
[Round "-"]
[White "Geoffrey Rosser"]
[Black "Derek Price"]
[Result "0-1"]
[WhiteCountry "ENG"]
[BlackCountry "ENG"]
[WhiteElo "1964"]
[WhiteRD "58"]
[BlackElo "2315"]
[BlackRD "76"]
[GameID "449708"]

1. b3 e5 2. Bb2 Nc6 3. Nf3 d6 4. e4 Nf6 5. Nc3 Be7 6. Be2 O-O 7. d4 Bg4 8. dxe5 dxe5 9. O-O Re8 10. Nd5 Nxe4
11. Nxe7+ Qxe7 12. a3 Rad8 13. Qe1 Bxf3 14. Bxf3 Nd2 15. Qe2 Nxf1 16. Kxf1 e4 17. Bg4 Nd4 18. Bxd4 Rxd4 19. Re1 Qxa3 20. f3 e3
21. Bf5 Qd6 22. f4 Rxf4+ 23. Kg1 Rxf5
0-1